Избранные научные труды. Радиоактивность

מידע ביבליוגרפי
מחבר ראשי: Резерфорд Э. Эрнест
מחברים אחרים: Флеров Г. Н. (редактор)
סיכום:На пер. и корешке зпгл.: Избранные труды
שפה:רוסית
יצא לאור: Москва, Наука, 1971
נושאים:
פורמט: ספר
KOHA link:https://koha.lib.tpu.ru/cgi-bin/koha/opac-detail.pl?biblionumber=238036

MARC

LEADER 00000nam0a2200000 4500
001 238036
005 20231101231559.0
035 |a (RuTPU)RU\TPU\book\259217 
090 |a 238036 
100 |a 20130521d1971 km y0rusy50 ca 
101 0 |a rus 
102 |a RU 
105 |a a z 001zy 
200 1 |a Избранные научные труды. Радиоактивность  |f Э. Резерфорд  |g под ред. Г. Н. Флерова 
210 |a Москва  |c Наука  |d 1971 
215 |a 431 с.  |c ил. 
300 |a На пер. и корешке зпгл.: Избранные труды 
606 1 |a Радиоактивность  |2 stltpush  |3 (RuTPU)RU\TPU\subj\22349  |9 47123 
610 1 |a физика 
610 1 |a ядерная физика 
610 1 |a излучения 
610 1 |a радиоактивное излучение 
610 1 |a радиоактивные вещества 
675 |a 539.16  |v 3 
700 1 |a Резерфорд  |b Э.  |g Эрнест 
702 1 |a Флеров  |b Г. Н.  |4 340 
801 1 |a RU  |b 63413507  |c 20130521 
801 2 |a RU  |b 63413507  |c 20210210  |g RCR 
942 |c BK